Indonesian Brand Logos Quiz #5 - Statistics

General Stats
  • This quiz has been taken 218 times
  • The average score is 14 of 20
Answer Stats
Picture Answer % Correct
Chitato
96%
Bank Central Asia
95%
Wardah Cosmetics
95%
Kecap Bango
94%
Peduli Lindungi
93%
smartfren
90%
Bank Indonesia
89%
Indonesian Standarts
88%
BNI
82%
Wonderful Indonesia
80%
Orang Tua
77%
ANTAM
75%
Taman Mini Indonesia Indah
75%
Mitra10
56%
ITC Group
53%
Alfalink
47%
Lea Jeans
31%
Bodypack
17%
Elex Media Komputindo
15%
Indika Energy
14%
No matching quizzes found
Score Distribution
Percent of People with Each Score
Percentile by Number Answered
Your Score History
You have not taken this quiz